| 000 | 00462nam a22001817a 4500 | ||
|---|---|---|---|
| 003 | SGT | ||
| 020 | _a9789393873927 | ||
| 082 | _a150,DHI | ||
| 100 | _aAASTHA DHINGRA (SGTU) | ||
| 245 | _aCHILD DEVELOPMENT AND LEARNING | ||
| 260 |
_aNEW DELHI _bRENOVA INTERNATIONAL PUBLICATIONS |
||
| 300 | _a184 | ||
| 490 | _aFACULTY PUBLICATIONS | ||
| 650 | _aPSYCHOLOGY | ||
| 653 | _aFACULTY PUBLICATIONS SGTU | ||
| 700 | _aSANDEEP SHARMA | ||
| 942 |
_2ddc _cBK _01 |
||
| 999 |
_c26272 _d26272 |
||